000 00719nam a22002537a 4500
003 DO-SdBNP
005 20211005135530.0
007
008 210902b 2018 dr a 00| 0 eng d
020 _a9789945169188
040 _aDO-SdBNP
_bspa
_cBPMSU
082 _aRD863.44
_bM491c 2018
_222
100 1 _aMedina, Aquilino
245 1 0 _aCuentos de nadie /
_cAquilino Medina
260 _aSanto Domingo :
_bBúho,
_c2018.
300 _a109 p. ;
_c22 cm.
500 _aIncluye datos biográficos del autor en la solapa de la cubierta
590 _aInventariado, 2021/VM
650 4 _aCuentos dominicanos
650 4 _aCuentos
_xEnseñanza.
650 4 _aLiteratura dominicana
910 _aVMateo V.
942 _2ddc
_cBK
999 _c13765
_d13765